Methods and results of dioxin related studies on the Leaf and Pascagoula Rivers, Mississipi 1989-97 /

Bibliographic Details
Main Author: Justus, B. G.
Corporate Authors: Mississippi. Office of Pollution Control, Geological Survey (U.S.)
Other Authors: Folmar, H. G., Bass, P. B.
Format: Government Document Book
Language:English
Published: Pearl, Miss. : U.S. Dept. of the Interior, U.S. Geological Survey ; 1999.
Series:Water-resources investigations report ; 99-4102.
Subjects:

MARC

Tag First Indicator Second Indicator Subfields
LEADER 00000cam a2200000 a 4500
001 in00000006196
005 20150928150023.0
008 990806s1999 msuab b f000 0 eng d
035 |a (OCoLC)42026084 
035 |9 AJK1427AM 
040 |d GPO  |d DLC  |d MvI  |d UtOrBLW 
043 |a n-us-ms 
049 |a UDOC 
074 |a 0624-B 
086 0 |a I 19.42/4:99-4102 
100 1 |a Justus, B. G. 
245 1 0 |a Methods and results of dioxin related studies on the Leaf and Pascagoula Rivers, Mississipi 1989-97 /  |c by B.G. Justus, H.G. Folmar, and P.B. Bass ; prepared jointly by the U.S. Geological Survey and the Mississippi Department of Environmental Quality, Office of Pollution Control. 
264 1 |a Pearl, Miss. :  |b U.S. Dept. of the Interior, U.S. Geological Survey ;  |c 1999. 
264 2 |a Denver, CO :  |b Branch of Information Services [distributor], 
300 |a v, 34 pages :  |b color illustrations, color map ;  |c 28 cm. 
336 |a text  |b txt  |2 rdacontent 
337 |a unmediated  |b n  |2 rdamedia 
338 |a volume  |b nc  |2 rdacarrier 
490 1 |a Water-resources investigations report ;  |v 99-4102 
500 |a Shipping list number: 99-0336-P. 
504 |a Includes bibliographical references (pages 33-34). 
650 0 |a Dioxins  |x Environmental aspects. 
650 0 |a Fishes  |x Effect of pesticides on  |z Mississippi. 
650 0 |a Paper mills  |x Environmental aspects  |z Mississippi. 
650 0 |a Pesticides  |x Environmental aspects  |z Mississippi. 
700 1 |a Folmar, H. G. 
700 1 |a Bass, P. B. 
710 1 |a Mississippi.  |b Office of Pollution Control. 
710 2 |a Geological Survey (U.S.) 
830 0 |a Water-resources investigations report ;  |v 99-4102. 
999 |a MARS 
999 f f |s a0c39e0c-7643-3197-b69b-cbd5a2c314b1  |i e0528619-ce89-373a-a7bd-ef61ee1b0632  |t 0 
952 f f |p normal  |a Texas A&M University  |b College Station  |c Sterling C. Evans Library  |d Evans: US Documents (Annex 5th floor)  |t 0  |e I 19.42/4:99-4102  |h Superintendent of Documents classification  |i unmediated -- volume  |m A14824322798 
998 f f |a I 19.42/4:99-4102  |t 0  |l Evans: US Documents (Annex 5th floor)